[Event "4NCL u150 Section"]
[Site "De Vere High Wycombe ENG"]
[Date "2014.04.26"]
[Round "1.51"]
[White "Barclay, Paul R"]
[Black "Habershon, Paul F"]
[Result "0-1"]
[WhiteElo "159"]
[BlackElo "176"]
[EventDate "2014.04.26"]
[PlyCount "92"]
[WhiteTeam "Wanstead & Woodford 2"]
[BlackTeam "Bedford"]

1.e4 Nf6 2.e5 Nd5 3.d4 d6 4.exd6 exd6 5.c4 Nb6 6.h3 Be7 7.Nf3 Bf5 8.Bd3 
Qd7 9.O-O O-O 10.a3 Nc6 11.Qc2 Bxd3 12.Qxd3 Rae8 13.Bg5 h6 14.Bxe7 Rxe7 
15.Nbd2 Rfe8 16.Rfe1 Rxe1+ 17.Rxe1 Rxe1+ 18.Nxe1 d5 19.c5 Nc4 20.b4 Qe6 
21.Nef3 Nxd2 22.Qxd2 Qe4 23.Kh2 Ne7 24.b5 Ng6 25.Qe3 f5 26.Qxe4 fxe4 27.
Nd2 Nf4 28.Nb3 Ne2 29.a4 Nc3 30.Nc1 Nxa4 31.Ne2 c6 32.bxc6 bxc6 33.Kg3 Kf7
34.Kf4 Ke6 35.Ke3 Nb2 36.Nf4+ Kf7 37.Nh5 Nc4+ 38.Ke2 a5 39.Kd1 Nb2+ 40.Kc2
Nd3 41.Ng3 Nxf2 42.Kb3 Nd1 43.Ne2 Ne3 44.g3 g5 45.g4 Ke6 46.Ng3 Kd7 0-1

[Event "4NCL u150 Section"]
[Site "De Vere High Wycombe ENG"]
[Date "2014.04.26"]
[Round "1.52"]
[White "Pike, Steve C"]
[Black "Nickals, Peter A"]
[Result "1/2-1/2"]
[WhiteElo "172"]
[BlackElo "143"]
[EventDate "2014.04.26"]
[PlyCount "61"]
[WhiteTeam "Bedford"]
[BlackTeam "Wanstead & Woodford 2"]

1.e4 g6 2.d4 Bg7 3.Nc3 d6 4.Be3 Nf6 5.f3 Nbd7 6.Qd2 a6 7.O-O-O b5 8.e5 b4 
9.Nce2 Nd5 10.Bh6 O-O 11.Bxg7 Kxg7 12.Nf4 Nxf4 13.Qxf4 Nb6 14.h4 Nd5 15.
Qg5 h6 16.Qd2 c6 17.Bc4 Qb6 18.Ne2 a5 19.Ng3 a4 20.h5 g5 21.Ne4 dxe5 22.
dxe5 Be6 23.Nxg5 b3 24.Nxe6+ fxe6 25.Qd4 bxc2 26.Qg4+ Kh8 27.Rd2 Rf4 28.
Qxe6 Rxc4 29.Qxh6+ Kg8 30.Qg6+ Kh8 31.Qh6+ 1/2-1/2

[Event "4NCL u150 Section"]
[Site "De Vere High Wycombe ENG"]
[Date "2014.04.26"]
[Round "1.53"]
[White "Warden, Michael J"]
[Black "Hill, Chris"]
[Result "0-1"]
[WhiteElo "135"]
[BlackElo "139"]
[EventDate "2014.04.26"]
[PlyCount "84"]
[WhiteTeam "Wanstead & Woodford 2"]
[BlackTeam "Bedford"]

1.Nc3 c6 2.Nf3 d5 3.e4 dxe4 4.Nxe4 Nf6 5.Nxf6+ exf6 6.d4 Be7 7.Bd3 Bg4 8.
c3 Nd7 9.h3 Bh5 10.Bf4 Nf8 11.Bc4 Ne6 12.Bh2 O-O 13.g4 Bg6 14.Nh4 Bd6 15.
Nxg6 hxg6 16.Bxe6 fxe6 17.Qd3 Bxh2 18.Rxh2 Qd6 19.Rh1 Kf7 20.O-O-O Rh8 21.
Kb1 Rad8 22.Qe4 g5 23.Rdf1 Qf4 24.Qxf4 gxf4 25.Kc2 e5 26.dxe5 fxe5 27.Re1 
Kf6 28.f3 Rd5 29.h4 Rhd8 30.Rd1 Re8 31.Rxd5 cxd5 32.Kd3 e4+ 33.fxe4 dxe4+ 
34.Ke2 Rd8 35.Rf1 Ke5 36.h5 f3+ 37.Ke1 Kf4 38.Rg1 e3 39.Rh1 Rd2 40.h6 gxh6
41.Rxh6 f2+ 42.Kf1 Rd1+ 0-1

[Event "4NCL u150 Section"]
[Site "De Vere High Wycombe ENG"]
[Date "2014.04.26"]
[Round "1.54"]
[White "Pike, Ben"]
[Black "Haddock, Paul"]
[Result "0-1"]
[WhiteElo "104"]
[BlackElo "131"]
[EventDate "2014.04.26"]
[PlyCount "98"]
[WhiteTeam "Bedford"]
[BlackTeam "Wanstead & Woodford 2"]

1.e4 d6 2.d4 c5 3.dxc5 Qa5+ 4.Nc3 Qxc5 5.Be3 Qa5 6.Nf3 Nc6 7.a3 Nf6 8.b4 
Qc7 9.Bc4 e6 10.O-O Bd7 11.Nb5 Qb8 12.Bf4 Ne5 13.Qe2 Nxc4 14.Qxc4 Bc6 15.
Rfe1 a6 16.Nc3 Be7 17.e5 Bxf3 18.exf6 Bxf6 19.gxf3 O-O 20.Qb3 Rc8 21.Bd2 
d5 22.Rad1 Qc7 23.Na4 Qxc2 24.Re3 Qxb3 25.Rxb3 Rc2 26.Nc5 b6 27.Nd7 b5 28.
Nxf6+ gxf6 29.Rc3 Rc8 30.Rxc8+ Rxc8 31.Rc1 Rxc1+ 32.Bxc1 Kg7 33.Kf1 Kg6 
34.Ke2 Kf5 35.Kd3 e5 36.f4 Ke6 37.Ke3 d4+ 38.Kd3 Kd5 39.f3 Ke6 40.Ke4 f5+ 
41.Kd3 f6 42.fxe5 fxe5 43.Bh6 Kd5 44.Bg7 e4+ 45.fxe4+ fxe4+ 46.Kd2 Kc4 47.
Kc2 e3 48.Bh6 d3+ 49.Kd1 Kd4 0-1

[Event "4NCL u150 Section"]
[Site "De Vere High Wycombe ENG"]
[Date "2014.04.26"]
[Round "1.61"]
[White "Burnell, Steve"]
[Black "Vasiliev, Dimitry"]
[Result "1-0"]
[WhiteElo "157"]
[BlackElo "146"]
[EventDate "2014.04.26"]
[PlyCount "67"]
[WhiteTeam "Leamington"]
[BlackTeam "GLCC 2"]

1.d4 e6 2.c4 d5 3.Nf3 c6 4.Nc3 f5 5.cxd5 exd5 6.g3 Nf6 7.Bg2 Bd6 8.O-O O-O
9.Bg5 Qe8 10.Bxf6 Rxf6 11.e3 Rh6 12.h4 Nd7 13.Ng5 Nf6 14.Qb3 Ne4 15.Ncxe4 
fxe4 16.Bxe4 Be6 17.Bg2 Rb8 18.Qc2 Qd7 19.a3 Be7 20.Nxe6 Qxe6 21.e4 Rd8 
22.exd5 cxd5 23.Rae1 Qd6 24.Bxd5+ Kf8 25.Bxb7 g5 26.Qf5+ Kg7 27.hxg5 Rg6 
28.Qe5+ Qxe5 29.Rxe5 Bxg5 30.Be4 Bf6 31.Bxg6 Rxd4 32.Re4 Rd2 33.Be8 Bxb2 
34.a4 1-0

[Event "4NCL u150 Section"]
[Site "De Vere High Wycombe ENG"]
[Date "2014.04.26"]
[Round "1.62"]
[White "Biggs, Peter"]
[Black "Darling, Tom"]
[Result "0-1"]
[WhiteElo "139"]
[BlackElo "150"]
[EventDate "2014.04.26"]
[PlyCount "80"]
[WhiteTeam "GLCC 2"]
[BlackTeam "Leamington"]

1.d4 d5 2.e3 c5 3.c3 Nf6 4.Bd3 c4 5.Bc2 Bg4 6.f3 Bh5 7.Nd2 e6 8.Ne2 Be7 9.
O-O b5 10.Ng3 Bg6 11.Bxg6 hxg6 12.e4 Nc6 13.e5 Nh5 14.Nxh5 Rxh5 15.f4 a5 
16.a3 a4 17.Nf3 Kd7 18.Be3 Qh8 19.Qc2 Rb8 20.g4 Rh3 21.Rae1 Qh7 22.Re2 Rh8
23.Rg2 f6 24.Qe2 fxe5 25.dxe5 Rf8 26.Nd4 Nxd4 27.Bxd4 Qh6 28.Rg3 Rxg3+ 29.
hxg3 Qh3 30.Qg2 Qxg4 31.Qf3 Qxf3 32.Rxf3 g5 33.Kg2 gxf4 34.gxf4 g5 35.Be3 
gxf4 36.Bxf4 Rf5 37.Bg3 Rxf3 38.Kxf3 Ke8 39.Kg4 Bc5 40.Be1 Be3 0-1

[Event "4NCL u150 Section"]
[Site "De Vere High Wycombe ENG"]
[Date "2014.04.26"]
[Round "1.63"]
[White "Graff, Ben"]
[Black "Barker, Gregory"]
[Result "1-0"]
[WhiteElo "148"]
[BlackElo "112"]
[EventDate "2014.04.26"]
[PlyCount "98"]
[WhiteTeam "Leamington"]
[BlackTeam "GLCC 2"]

1.e4 c5 2.Nc3 a6 3.f4 b5 4.Nf3 Bb7 5.d3 e6 6.g3 Ne7 7.Bg2 d5 8.exd5 Nxd5 
9.Nxd5 Bxd5 10.O-O Be7 11.Be3 Nd7 12.c3 Qb6 13.a3 O-O 14.Qe2 Qb7 15.Nd2 
Bxg2 16.Qxg2 Qxg2+ 17.Kxg2 Nf6 18.Ne4 Nxe4 19.dxe4 Rfd8 20.Rfd1 c4 21.Bb6 
Rxd1 22.Rxd1 Kf8 23.Rd7 Ke8 24.Rb7 Kf8 25.Kf3 Ke8 26.g4 g6 27.g5 Kf8 28.h3
Ke8 29.h4 Kf8 30.e5 Ke8 31.Kg4 Kf8 32.h5 Ke8 33.Ba5 Kf8 34.Rd7 Ke8 35.Rb7 
Kf8 36.Rd7 Ke8 37.Rd2 Bd8 38.Bb4 Be7 39.hxg6 hxg6 40.Rh2 Kd8 41.Rd2+ Ke8 
42.Rh2 Kd7 43.Rh7 Re8 44.Rh2 Rd8 45.Ba5 Rc8 46.Rd2+ Kc6 47.Rh2 Re8 48.Rd2 
Rc8 49.Rd1 Re8 1-0

[Event "4NCL u150 Section"]
[Site "De Vere High Wycombe ENG"]
[Date "2014.04.26"]
[Round "1.64"]
[White "Fleming, Tom"]
[Black "Madden, Jason D"]
[Result "0-1"]
[WhiteElo "106"]
[BlackElo "130"]
[EventDate "2014.04.26"]
[PlyCount "56"]
[WhiteTeam "GLCC 2"]
[BlackTeam "Leamington"]

1.e4 e6 2.d4 d5 3.e5 c5 4.Nf3 Ne7 5.Bb5+ Nbc6 6.O-O Bd7 7.c3 Nxe5 8.Bxd7+ 
Nxd7 9.Be3 Ng6 10.Nbd2 Be7 11.b3 cxd4 12.cxd4 Ba3 13.Nb1 Bb2 14.Nbd2 Bxa1 
15.Qxa1 O-O 16.Ng5 h6 17.Nh3 Nf6 18.Qd1 Qa5 19.a4 Rac8 20.f4 Rc3 21.Qe1 
Rc2 22.f5 exf5 23.Rxf5 Rfc8 24.Qf2 Ne4 25.Nc4 Nxf2 26.Nxa5 Nxh3+ 27.gxh3 
Re2 28.Bf2 Rc1+ 0-1

[Event "4NCL u150 Section"]
[Site "De Vere High Wycombe ENG"]
[Date "2014.04.26"]
[Round "2.51"]
[White "Habershon, Paul F"]
[Black "Vasiliev, Dimitry"]
[Result "1-0"]
[WhiteElo "176"]
[BlackElo "146"]
[EventDate "2014.04.26"]
[PlyCount "77"]
[WhiteTeam "Bedford"]
[BlackTeam "GLCC 2"]

1.e4 e6 2.d4 d5 3.Nc3 Nf6 4.Bg5 h6 5.Bxf6 gxf6 6.exd5 exd5 7.Qh5 Be6 8.
O-O-O Qd7 9.Nge2 Bd6 10.Nxd5 Bxd5 11.Qxd5 Nc6 12.Qe4+ Kd8 13.Ng3 Na5 14.
Qf5 Qxf5 15.Nxf5 Bf4+ 16.Kb1 a6 17.g3 Bd6 18.Nxd6 cxd6 19.Bg2 Rb8 20.Bd5 
Rf8 21.Rhe1 Nc6 22.c3 Ne7 23.Bb3 b5 24.Re4 d5 25.Re2 a5 26.Rde1 Rb7 27.a3 
a4 28.Bc2 Nc6 29.Re3 Na5 30.Rf3 Rb6 31.Bf5 Nc4 32.Kc1 Rd6 33.Rf4 Rc6 34.
Kc2 Nd6 35.Bh3 Nb7 36.Rf5 Rd6 37.Bg2 Kd7 38.Rxd5 Kc8 39.Bh3+ 1-0

[Event "4NCL u150 Section"]
[Site "De Vere High Wycombe ENG"]
[Date "2014.04.26"]
[Round "2.52"]
[White "Biggs, Peter"]
[Black "Pike, Steve C"]
[Result "0-1"]
[WhiteElo "139"]
[BlackElo "172"]
[EventDate "2014.04.26"]
[PlyCount "64"]
[WhiteTeam "GLCC 2"]
[BlackTeam "Bedford"]

1.d4 d5 2.e3 Nf6 3.Bd3 g6 4.f4 Bg7 5.Nf3 c5 6.c3 O-O 7.Nbd2 Qc7 8.O-O Bg4 
9.h3 Be6 10.Ng5 Bd7 11.Qe2 Nc6 12.Ngf3 cxd4 13.exd4 Nh5 14.Qe1 Nxf4 15.Bc2
Rfe8 16.Nb3 e5 17.Bxf4 exf4 18.Qd2 Re3 19.Nc5 Rae8 20.Rae1 Bc8 21.Bb3 b6 
22.Na4 Qd6 23.Rxe3 fxe3 24.Qc2 Na5 25.Re1 Bf5 26.Qd1 Nxb3 27.axb3 Bxh3 28.
gxh3 Qg3+ 29.Kh1 e2 30.Qd3 Qxh3+ 31.Kg1 Qg3+ 32.Kh1 Re4 0-1

[Event "4NCL u150 Section"]
[Site "De Vere High Wycombe ENG"]
[Date "2014.04.26"]
[Round "2.53"]
[White "Hill, Chris"]
[Black "Barker, Gregory"]
[Result "1-0"]
[WhiteElo "139"]
[BlackElo "112"]
[EventDate "2014.04.26"]
[PlyCount "89"]
[WhiteTeam "Bedford"]
[BlackTeam "GLCC 2"]

1.d4 c5 2.d5 d6 3.c4 Nf6 4.Nc3 g6 5.e4 Bg7 6.h3 Na6 7.Be3 Nc7 8.Qd2 O-O 9.
Be2 Re8 10.f4 e6 11.O-O-O exd5 12.exd5 a6 13.Nf3 Qe7 14.Bf2 Ne4 15.Nxe4 
Qxe4 16.Bd3 Qe7 17.Rhe1 Qf6 18.Bh4 Qxb2+ 19.Qxb2 Bxb2+ 20.Kxb2 Bd7 21.
Rxe8+ Rxe8 22.Re1 Rxe1 23.Bxe1 f5 24.Ba5 Na8 25.Bd8 Kf8 26.Be2 Ke8 27.Bh4 
Nc7 28.Nh2 h5 29.g4 fxg4 30.hxg4 hxg4 31.Bxg4 Bxg4 32.Nxg4 b5 33.Kc3 bxc4 
34.Kxc4 Kd7 35.Nf6+ Ke7 36.Ne4+ Kd7 37.Nf6+ Ke7 38.Ng8+ Ke8 39.Ne7 Kf7 40.
Nc8 Ne8 41.Bg5 Kg7 42.Be7 Kf7 43.Bxd6 Nxd6+ 44.Nxd6+ Kf6 45.Kxc5 1-0

[Event "4NCL u150 Section"]
[Site "De Vere High Wycombe ENG"]
[Date "2014.04.26"]
[Round "2.54"]
[White "Fleming, Tom"]
[Black "Pike, Ben"]
[Result "0-1"]
[WhiteElo "106"]
[BlackElo "104"]
[EventDate "2014.04.26"]
[PlyCount "62"]
[WhiteTeam "GLCC 2"]
[BlackTeam "Bedford"]

1.e4 e5 2.Nf3 Nc6 3.Bc4 Nf6 4.Nc3 Nxe4 5.Qe2 Nxc3 6.dxc3 d5 7.Bb5 Bg4 8.
Qxe5+ Be6 9.Bg5 Qd7 10.Bf4 Nxe5 11.Bxd7+ Nxd7 12.Bxc7 Bc5 13.b4 Bb6 14.
Bxb6 Nxb6 15.a4 a5 16.O-O O-O 17.Rfe1 axb4 18.a5 Nc4 19.cxb4 Rfc8 20.Nd4 
Ra6 21.f4 g6 22.h3 b6 23.Nxe6 fxe6 24.Rxe6 Kf7 25.Rae1 Rc7 26.g4 Rca7 27.
g5 bxa5 28.Rxa6 Rxa6 29.bxa5 Rxa5 30.Kf2 Ra2 31.Rc1 Na3 0-1

[Event "4NCL u150 Section"]
[Site "De Vere High Wycombe ENG"]
[Date "2014.04.26"]
[Round "2.61"]
[White "Barclay, Paul R"]
[Black "Burnell, Steve"]
[Result "1/2-1/2"]
[WhiteElo "159"]
[BlackElo "157"]
[EventDate "2014.04.26"]
[PlyCount "46"]
[WhiteTeam "Wanstead & Woodford 2"]
[BlackTeam "Leamington"]

1.e4 c6 2.d4 d5 3.exd5 cxd5 4.Bd3 Nc6 5.c3 Qc7 6.Ne2 e6 7.Bf4 Bd6 8.Bg3 
Nf6 9.f3 Bd7 10.Bxd6 Qxd6 11.Nd2 O-O 12.O-O Rac8 13.f4 Na5 14.Rc1 Nc4 15.
Nxc4 dxc4 16.Bb1 Bc6 17.Ng3 g6 18.Qe2 b5 19.Rce1 a5 20.a3 Rfd8 21.Be4 Bxe4
22.Nxe4 Nxe4 23.Qxe4 Qd5 1/2-1/2

[Event "4NCL u150 Section"]
[Site "De Vere High Wycombe ENG"]
[Date "2014.04.26"]
[Round "2.62"]
[White "Darling, Tom"]
[Black "Nickals, Peter A"]
[Result "1-0"]
[WhiteElo "150"]
[BlackElo "143"]
[EventDate "2014.04.26"]
[PlyCount "47"]
[WhiteTeam "Leamington"]
[BlackTeam "Wanstead & Woodford 2"]

1.e4 g6 2.d4 Bg7 3.f4 d6 4.Nc3 Nd7 5.Nf3 c5 6.Be3 b6 7.Bc4 a6 8.Ng5 e6 9.
Bxe6 fxe6 10.Nxe6 Qe7 11.Nc7+ Kd8 12.Nxa8 Bb7 13.Nxb6 Nxb6 14.dxc5 Nc4 15.
Qd3 Nxb2 16.Qd2 Nc4 17.cxd6 Qe6 18.Bd4 Nxd2 19.Bxg7 Nxe4 20.Nxe4 Bxe4 21.
O-O Nf6 22.Bxh8 Qg4 23.Bxf6+ Kd7 24.Rf2 1-0

[Event "4NCL u150 Section"]
[Site "De Vere High Wycombe ENG"]
[Date "2014.04.26"]
[Round "2.63"]
[White "Warden, Michael J"]
[Black "Graff, Ben"]
[Result "0-1"]
[WhiteElo "135"]
[BlackElo "148"]
[EventDate "2014.04.26"]
[PlyCount "90"]
[WhiteTeam "Wanstead & Woodford 2"]
[BlackTeam "Leamington"]

1.Nc3 d5 2.e4 dxe4 3.Nxe4 Nf6 4.Nxf6+ exf6 5.d4 Be7 6.Nf3 O-O 7.Be2 Nd7 8.
O-O c5 9.d5 Ne5 10.c4 Re8 11.Nd2 Bd6 12.Ne4 Nxc4 13.Ng3 Nb6 14.Bf3 Bd7 15.
Ne4 Bb5 16.Re1 f5 17.Nc3 Rxe1+ 18.Qxe1 Bd7 19.a4 Qf6 20.b3 Re8 21.Qd2 Bf4 
22.Qd1 Bxh2+ 23.Kxh2 Qxc3 24.Bd2 Qe5+ 25.g3 Nxd5 26.Bf4 Nxf4 27.Qxd7 Ng6 
28.Rd1 f4 29.Qxb7 fxg3+ 30.fxg3 Rb8 31.Qxa7 Rxb3 32.Qa8+ Nf8 33.Rd2 Rb2 
34.Rxb2 Qxb2+ 35.Bg2 c4 36.Kh3 c3 37.Be4 c2 38.Bxc2 Qxc2 39.a5 Qf5+ 40.Kg2
g6 41.a6 Kg7 42.a7 Qc2+ 43.Kh1 Ne6 44.Qb7 Nc7 45.Qc8 Qb1+ 0-1

[Event "4NCL u150 Section"]
[Site "De Vere High Wycombe ENG"]
[Date "2014.04.26"]
[Round "2.64"]
[White "Madden, Jason D"]
[Black "Haddock, Paul"]
[Result "1/2-1/2"]
[WhiteElo "130"]
[BlackElo "131"]
[EventDate "2014.04.26"]
[PlyCount "33"]
[WhiteTeam "Leamington"]
[BlackTeam "Wanstead & Woodford 2"]

1.e4 d6 2.d4 Nf6 3.Bd3 g6 4.Bg5 Bg7 5.Nf3 O-O 6.Bxf6 Bxf6 7.Nbd2 Nd7 8.c3 
c5 9.O-O Rb8 10.Nc4 b5 11.Ne3 Bg7 12.h3 b4 13.Qc2 a5 14.Bc4 Nb6 15.Bd3 
cxd4 16.cxd4 Bb7 17.Qb3 1/2-1/2

[Event "4NCL u150 Section"]
[Site "De Vere High Wycombe ENG"]
[Date "2014.04.27"]
[Round "3.51"]
[White "Burnell, Steve"]
[Black "Habershon, Paul F"]
[Result "0-1"]
[WhiteElo "157"]
[BlackElo "176"]
[EventDate "2014.04.27"]
[PlyCount "71"]
[WhiteTeam "Leamington"]
[BlackTeam "Bedford"]

1.d4 Nf6 2.c4 e6 3.Nf3 b6 4.g3 Bb7 5.Bg2 Be7 6.O-O O-O 7.Nc3 d5 8.cxd5 
exd5 9.Bf4 Nbd7 10.Rc1 c5 11.dxc5 bxc5 12.Ne5 Nxe5 13.Bxe5 Ng4 14.Bf4 g5 
15.Bd2 Qd7 16.h3 Ne5 17.Qc2 Rad8 18.b3 Ng6 19.Rcd1 f5 20.f4 d4 21.Na4 Bxg2
22.Kxg2 Qd5+ 23.Kh2 Qe4 24.Qc4+ Kh8 25.Qd3 gxf4 26.Bxf4 Nxf4 27.Rxf4 Qxd3 
28.Rxd3 Bd6 29.Rf1 f4 30.gxf4 Bxf4+ 31.Kg2 Rg8+ 32.Kf3 Bd6 33.Ke4 Rg3 34.
Rff3 Re8+ 35.Kd5 Rxf3 36.Kxd6 0-1

[Event "4NCL u150 Section"]
[Site "De Vere High Wycombe ENG"]
[Date "2014.04.27"]
[Round "3.52"]
[White "Pike, Steve C"]
[Black "Darling, Tom"]
[Result "1-0"]
[WhiteElo "172"]
[BlackElo "150"]
[EventDate "2014.04.27"]
[PlyCount "99"]
[WhiteTeam "Bedford"]
[BlackTeam "Leamington"]

1.e4 e5 2.Nf3 d5 3.Nxe5 Bd6 4.d4 dxe4 5.Nc4 Nf6 6.Bg5 h6 7.Bh4 O-O 8.Nc3 
Bb4 9.Be2 Bxc3+ 10.bxc3 b5 11.Ne3 a6 12.O-O Qd6 13.Re1 Nd5 14.Bg3 Qc6 15.
Nxd5 Qxd5 16.Bxc7 Qc6 17.Ba5 Bb7 18.f3 f5 19.Qd2 g5 20.fxe4 fxe4 21.Qe3 
Qe6 22.Bb4 Re8 23.Bh5 Nc6 24.Bxe8 Nxb4 25.Bf7+ Kxf7 26.cxb4 Bd5 27.a3 Re8 
28.Rf1+ Kg6 29.Rae1 Qc6 30.Rf2 Bc4 31.h4 Qd5 32.hxg5 hxg5 33.g4 Qd8 34.c3 
Bd5 35.Rf5 Rh8 36.Ref1 Rh4 37.Rf6+ Qxf6 38.Rxf6+ Kxf6 39.Qf2+ Ke6 40.Qf5+ 
Kd6 41.Qxg5 Rh3 42.Qd8+ Ke6 43.Qc8+ Ke7 44.Qxa6 e3 45.Qa7+ Kd6 46.Qc5+ Ke6
47.Kf1 Bc4+ 48.Kg2 Rh4 49.Qf5+ Kd6 50.Qf6+ 1-0

[Event "4NCL u150 Section"]
[Site "De Vere High Wycombe ENG"]
[Date "2014.04.27"]
[Round "3.53"]
[White "Graff, Ben"]
[Black "Hill, Chris"]
[Result "0-1"]
[WhiteElo "148"]
[BlackElo "139"]
[EventDate "2014.04.27"]
[PlyCount "80"]
[WhiteTeam "Leamington"]
[BlackTeam "Bedford"]

1.e4 c6 2.Nc3 d5 3.Nf3 dxe4 4.Nxe4 Nf6 5.Qe2 Bf5 6.d3 e6 7.Ng3 Bg6 8.Ne5 
Bd6 9.Nxg6 hxg6 10.Ne4 Nxe4 11.Qxe4 Nd7 12.g3 Nf6 13.Qe2 Qa5+ 14.Bd2 Qd5 
15.Rg1 Rxh2 16.c4 Qe5 17.Bc3 Qxe2+ 18.Bxe2 e5 19.b4 a6 20.Bf3 Kd7 21.a4 
Re8 22.Rh1 Rxh1+ 23.Bxh1 e4 24.Kd2 e3+ 25.fxe3 Bxg3 26.b5 Rh8 27.Kc2 Bf2 
28.e4 Rh2 29.Be5 Bg3+ 30.Kb3 Bxe5 31.Rd1 Bd4 32.bxc6+ bxc6 33.Kb4 Ng4 34.
Bf3 Ne5 35.Bh1 Rh3 36.Ka5 Rxd3 37.Rxd3 Nxd3 38.Kxa6 Kc7 39.Bf3 Nc5+ 40.Ka5
Bc3# 0-1

[Event "4NCL u150 Section"]
[Site "De Vere High Wycombe ENG"]
[Date "2014.04.27"]
[Round "3.54"]
[White "Pike, Ben"]
[Black "Madden, Jason D"]
[Result "0-1"]
[WhiteElo "104"]
[BlackElo "130"]
[EventDate "2014.04.27"]
[PlyCount "64"]
[WhiteTeam "Bedford"]
[BlackTeam "Leamington"]

1.e4 e6 2.d4 d5 3.Ne2 c5 4.Be3 cxd4 5.Nxd4 dxe4 6.Bb5+ Bd7 7.O-O Nf6 8.Qe2
a6 9.Bxd7+ Nbxd7 10.Rd1 Be7 11.c4 O-O 12.Nc3 Qc7 13.Bg5 e5 14.Nf5 Nc5 15.
Nxe7+ Kh8 16.Bxf6 gxf6 17.Ned5 Qc6 18.Nxe4 Nxe4 19.Qxe4 Rg8 20.g3 Rae8 21.
Qh4 Rg6 22.Re1 f5 23.Ne7 Rxe7 24.Qxe7 Qxc4 25.Qxe5+ Kg8 26.Qxf5 Qc6 27.
Rad1 Qb6 28.Rd7 Rf6 29.Qg5+ Rg6 30.Re8+ Kg7 31.Qe5+ Rf6 32.Rb8 Qxf2+ 0-1

[Event "4NCL u150 Section"]
[Site "De Vere High Wycombe ENG"]
[Date "2014.04.27"]
[Round "3.61"]
[White "Vasiliev, Dimitry"]
[Black "Whitton, Terry D"]
[Result "0-1"]
[WhiteElo "146"]
[BlackElo "170"]
[EventDate "2014.04.27"]
[PlyCount "115"]
[WhiteTeam "GLCC 2"]
[BlackTeam "Wanstead & Woodford 2"]

1.d4 Nf6 2.e3 g6 3.c3 Bg7 4.Bd3 d6 5.Ne2 c6 6.Ng3 Nbd7 7.Nd2 Qc7 8.h4 h5 
9.Qc2 Nf8 10.Nf3 Ng4 11.Ng5 e5 12.f3 Nh6 13.Ne2 d5 14.Bd2 Qe7 15.O-O-O Bd7
16.Kb1 f5 17.dxe5 Bxe5 18.Nf4 Nf7 19.Nxf7 Qxf7 20.Nh3 O-O-O 21.Ng5 Qg7 22.
c4 d4 23.e4 f4 24.c5 Ne6 25.Nxe6 Bxe6 26.Qa4 Bb8 27.b4 Qe5 28.Rc1 Rh7 29.
Rhg1 Rf7 30.b5 Bd7 31.Rc2 Rf6 32.Rgc1 Be8 33.Rb2 Rf7 34.Qb3 Re7 35.a4 Bf7 
36.Qb4 Be8 37.a5 cxb5 38.Bxb5 Bc6 39.a6 Qf6 40.Bd3 Qe5 41.axb7+ Kd7 42.Bb5
Re6 43.Bc4 Re7 44.Qb3 Ke8 45.Bb5 Qe6 46.Qa4 Kd7 47.Ba5 Rf8 48.Qxd4+ Ke8 
49.Bc4 Qd7 50.Bd5 Re6 51.Rd1 Ref6 52.Bxc6 Qxc6 53.Qd5 Re6 54.Qg5 Ref6 55.
Rd8+ Kf7 56.Qd5+ Ke7 57.Rd7+ Qxd7 58.Qg5 0-1

[Event "4NCL u150 Section"]
[Site "De Vere High Wycombe ENG"]
[Date "2014.04.27"]
[Round "3.62"]
[White "Barclay, Paul R"]
[Black "Biggs, Peter"]
[Result "1/2-1/2"]
[WhiteElo "159"]
[BlackElo "139"]
[EventDate "2014.04.27"]
[PlyCount "38"]
[WhiteTeam "Wanstead & Woodford 2"]
[BlackTeam "GLCC 2"]

1.e4 c5 2.c3 e5 3.d4 cxd4 4.cxd4 exd4 5.Nf3 Nc6 6.Nxd4 d5 7.Bb5 Bb4+ 8.Nc3
Ne7 9.O-O Bxc3 10.bxc3 O-O 11.exd5 Nxd4 12.Qxd4 Qxd5 13.Bc4 Qxd4 14.cxd4 
Nf5 15.Bb2 Bd7 16.Rfe1 Rfe8 17.h3 Rac8 18.Bb3 Rxe1+ 19.Rxe1 Re8 1/2-1/2

[Event "4NCL u150 Section"]
[Site "De Vere High Wycombe ENG"]
[Date "2014.04.27"]
[Round "3.63"]
[White "Barker, Gregory"]
[Black "Nickals, Peter A"]
[Result "0-1"]
[WhiteElo "112"]
[BlackElo "143"]
[EventDate "2014.04.27"]
[PlyCount "66"]
[WhiteTeam "GLCC 2"]
[BlackTeam "Wanstead & Woodford 2"]

1.e4 g6 2.d4 Bg7 3.c4 d6 4.Nc3 c6 5.Be3 h5 6.Nf3 h4 7.h3 a6 8.Bg5 b5 9.b3 
Qa5 10.Qd2 Bh6 11.Bd3 Bxg5 12.Nxg5 Rh5 13.Rc1 b4 14.Nd5 cxd5 15.exd5 Qd8 
16.Qf4 Rxg5 17.Qxg5 e6 18.Qd2 exd5 19.Qxb4 Nc6 20.Qc3 Qf6 21.O-O Qxd4 22.
cxd5 Qxc3 23.Rxc3 Ne5 24.Rfc1 Ne7 25.Be2 Bb7 26.f4 Nd7 27.Bf3 Bxd5 28.Kf2 
Nc5 29.Re3 Bxf3 30.Kxf3 Kd7 31.Rd1 Nf5 32.Re2 Ne6 33.Rc2 Ned4+ 0-1

[Event "4NCL u150 Section"]
[Site "De Vere High Wycombe ENG"]
[Date "2014.04.27"]
[Round "3.64"]
[White "Lu, Andy WH"]
[Black "Fleming, Tom"]
[Result "1/2-1/2"]
[WhiteElo "126"]
[BlackElo "106"]
[EventDate "2014.04.27"]
[PlyCount "49"]
[WhiteTeam "Wanstead & Woodford 2"]
[BlackTeam "GLCC 2"]

1.Nf3 d5 2.g3 c5 3.Bg2 Nf6 4.c3 e6 5.d4 Nc6 6.O-O Be7 7.Re1 O-O 8.Nbd2 Bd7
9.e4 dxe4 10.Nxe4 b6 11.Bg5 Nxe4 12.Bxe7 Nxc3 13.bxc3 Nxe7 14.Ne5 Rc8 15.
dxc5 Bc6 16.Qxd8 Rfxd8 17.Bxc6 Nxc6 18.cxb6 Nxe5 19.Rxe5 axb6 20.Rb5 Rxc3 
21.Rxb6 Rc2 22.a4 g6 23.a5 Rdd2 24.a6 Rxf2 25.a7 1/2-1/2

[Event "4NCL u150 Section"]
[Site "De Vere High Wycombe ENG"]
[Date "2014.04.27"]
[Round "4.51"]
[White "Habershon, Paul F"]
[Black "Burnell, Steve"]
[Result "1-0"]
[WhiteElo "176"]
[BlackElo "157"]
[EventDate "2014.04.27"]
[PlyCount "109"]
[WhiteTeam "Bedford"]
[BlackTeam "Leamington"]

1.e4 e5 2.Nf3 Nc6 3.d4 exd4 4.Nxd4 Nxd4 5.Qxd4 d6 6.c4 Nf6 7.Nc3 Be7 8.Be2
O-O 9.O-O Re8 10.Be3 Bd7 11.Rad1 h6 12.f3 Be6 13.Nd5 Nd7 14.Qd2 Bf6 15.Kh1
a6 16.b4 Bxd5 17.cxd5 Qe7 18.Rc1 Rac8 19.Rc2 Nb8 20.Rfc1 c6 21.Rc4 Qd7 22.
dxc6 Rxc6 23.Rd1 Rxc4 24.Bxc4 Rc8 25.Qd5 b5 26.Bb3 Bc3 27.Rc1 Bxb4 28.
Qxf7+ Kh8 29.Rxc8+ Qxc8 30.h3 Nc6 31.Be6 Qb8 32.Bxh6 gxh6 33.Qf6+ Kh7 34.
Bf5+ Kg8 35.Qg6+ Kf8 36.Qxh6+ Ke7 37.Qg7+ Ke8 38.Bd7+ Kd8 39.Bxc6 Qc8 40.
Qf8+ Kc7 41.Qxc8+ Kxc8 42.h4 Bd2 43.Kh2 Kc7 44.Bd5 Kd7 45.Kg3 Ke7 46.Kg4 
Kf6 47.f4 Be3 48.Kf3 Bd4 49.g4 Kg7 50.g5 Kg6 51.Kg4 Kg7 52.Kf5 Be3 53.h5 
Kf8 54.h6 Bd4 55.g6 1-0

[Event "4NCL u150 Section"]
[Site "De Vere High Wycombe ENG"]
[Date "2014.04.27"]
[Round "4.52"]
[White "Darling, Tom"]
[Black "Pike, Steve C"]
[Result "0-1"]
[WhiteElo "150"]
[BlackElo "172"]
[EventDate "2014.04.27"]
[PlyCount "40"]
[WhiteTeam "Leamington"]
[BlackTeam "Bedford"]

1.e4 e6 2.f4 d5 3.e5 c5 4.Nf3 Nc6 5.Bb5 Qb6 6.Bxc6+ bxc6 7.O-O Ba6 8.Re1 
Ne7 9.d3 h5 10.Ng5 Nf5 11.Nc3 c4+ 12.Kh1 h4 13.Ne2 cxd3 14.cxd3 Be7 15.b3 
Bxg5 16.fxg5 Ng3+ 17.Nxg3 hxg3 18.h3 Rxh3+ 19.gxh3 Qf2 20.Re2 g2+ 0-1

[Event "4NCL u150 Section"]
[Site "De Vere High Wycombe ENG"]
[Date "2014.04.27"]
[Round "4.53"]
[White "Hill, Chris"]
[Black "Graff, Ben"]
[Result "1/2-1/2"]
[WhiteElo "139"]
[BlackElo "148"]
[EventDate "2014.04.27"]
[PlyCount "42"]
[WhiteTeam "Bedford"]
[BlackTeam "Leamington"]

1.d4 d5 2.c4 e6 3.Nc3 Nf6 4.Bg5 Nbd7 5.Rc1 c6 6.e3 Qa5 7.Bxf6 Nxf6 8.Bd3 
Bb4 9.Qc2 dxc4 10.Bxc4 O-O 11.Nf3 Bxc3+ 12.bxc3 c5 13.O-O b5 14.Be2 c4 15.
Ne5 Bb7 16.Bf3 Bxf3 17.gxf3 Qc7 18.a4 Nd7 19.Nxd7 Qxd7 20.axb5 Qxb5 21.Ra1
Qg5+ 1/2-1/2

[Event "4NCL u150 Section"]
[Site "De Vere High Wycombe ENG"]
[Date "2014.04.27"]
[Round "4.54"]
[White "Madden, Jason D"]
[Black "Pike, Ben"]
[Result "0-1"]
[WhiteElo "130"]
[BlackElo "104"]
[EventDate "2014.04.27"]
[PlyCount "56"]
[WhiteTeam "Leamington"]
[BlackTeam "Bedford"]

1.e4 e5 2.Nf3 Nc6 3.Bb5 a6 4.Ba4 Nf6 5.Nc3 Bc5 6.d3 d6 7.h3 O-O 8.Bg5 h6 
9.Bxf6 Qxf6 10.Nd5 Qd8 11.O-O Be6 12.Bb3 Nd4 13.Nxd4 Bxd4 14.c3 Ba7 15.Qf3
Kh8 16.Rad1 f5 17.Qg3 f4 18.Qg6 Bf7 19.Qg4 c6 20.Nb4 d5 21.Nc2 Qe8 22.Qh4 
Bh5 23.Rd2 g5 24.exd5 gxh4 25.dxc6 bxc6 26.Re1 f3 27.g4 Qg6 28.Ne3 Bxe3 
0-1